000 00775nam a2200337Ia 4500
001 71780
003 145881
005 20241022063302.0
008 ||||||n9999 ||| || ||
020 _a9506022941
041 _aspa
082 _220
_a306
100 1 _aMorin, Edgar,
_d1921-
_926995
245 0 _aTierra patria
250 _a2ed
260 _aBuenos Aires :
_bNueva Vision,
_c1999.
300 _a222p.
562 _e1
650 _aANÁLISIS SOCIOLÓGICO
_91987
650 0 _aCivilización
_91828
650 _aEVOLUCIONISMO
_987209
650 _aHUMANISMO
_994505
650 0 _aIdentidad cultural
_91321
942 _cBKM
999 _c71780
_d71780
526 _a4969
526 _a19790
526 _a104436
526 _a5144
526 _a51868
526 _a1697